| 000 | 00710nam a2200217Ia 4500 | ||
|---|---|---|---|
| 005 | 20240416145040.0 | ||
| 008 | 210716s2013 xx 000 0 und d | ||
| 020 | _a9788180548413 | ||
| 040 | _cAIMIT LIBRARY | ||
| 041 | _aeng | ||
| 082 |
_a658.4 _21 _bPRAL |
||
| 100 |
_aPrasad, L M. _917460 |
||
| 245 |
_aOrganizational behaviour / _cBy L M Prasad. |
||
| 250 | _a1st ed. | ||
| 260 |
_aNew Delhi : _bSultan chand & sons , _c2013. |
||
| 300 |
_aXiv, 740p. ; _c24 cm. |
||
| 650 |
_aGroup dimensions of organizational behaviour _917461 |
||
| 650 |
_aOrganizational effectiveness and change _917462 |
||
| 650 |
_aConceptual framework for organizational behaviour _917463 |
||
| 942 |
_2ddc _cBK _e1st _k658.4 PRAL |
||
| 999 |
_c208525 _d208525 |
||